PSG - Tout les buteurs depuis la saison 2010-2011 - Statistiques

Statistiques générales
  • Ce quiz a été pris 211 fois
  • Le résultat moyen est 45 sur 82
Statistiques - réponses
Poste Nationalité Nbr de but Nom % Correct
Attaquant France 212 Kylian Mbappe
100%
Attaquant Suède 156 Zlatan Ibrahimovic
99%
Attaquant Uruguay 200 Edinson Cavani
98%
Attaquant Brésil 118 Neymar Jr
97%
Attaquant Argentine 92 Angel Di Maria
92%
Défenseur Brésil 38 Marquinhos
90%
Attaquant Argentine 32 Lionel Messi
88%
Milieu/Attaquant Allemagne 26 Julian Draxler
87%
Milieu France 33 Blaise Matuidi
85%
Défenseur Maroc 9 Achraf Hakimi
84%
Attaquant Brésil 46 Lucas Moura
83%
Attaquant Argentine 35 Ezequiel Lavezzi
82%
Défenseur Brésil 17 Thiago Silva
81%
Milieu Argentine 45 Javier Pastore
80%
Milieu Italie 11 Marco Verratti
80%
Attaquant Argentine 38 Mauro Icardi
80%
Milieu France 24 Adrien Rabiot
78%
Défenseur France 3 Presnel Kimpembe
73%
Milieu Espagne 3 Fabian Ruiz
70%
Défenseur Belgique 13 Thomas Meunier
70%
Milieu Espagne 6 Carlos Soler
68%
Milieu Sénégal 7 Idrissa Gueye
68%
Défenseur Espagne 8 Juan Bernat
68%
Défenseur France 14 Layvin Kurzawa
68%
Milieu Argentine 3 Leandro Paredes
67%
Milieu/Défenseur Portugal 9 Danilo Pereira
66%
Défenseur Brésil 13 Maxwell Sherrer
66%
Défenseur Portugal 2 Nuno Mendes
66%
Défenseur Brésil 8 David Luiz
65%
Défenseur Pays-bas 4 Grégory Van der Wiel
65%
Milieu/Attaquant Brésil 48 Nenê Carvalho
65%
Défenseur Côte d'Ivoire 5 Serge Aurier
65%
Milieu Portugal 2 Vitinha
64%
Défenseur Brésil 9 Alex
63%
Attaquant Italie 17 Moise Kean
63%
Milieu Italie 12 Thiago Motta
63%
Défenseur Allemagne 4 Thilo Kehrer
61%
Milieu/Attaquant France 11 Christopher Nkunku
59%
Attaquant Cameroun 9 Eric-Maxim Choupo-Moting
59%
Attaquant France 28 Guillaume Hoarau
59%
Attaquant Espagne 22 Pablo Sarabia
58%
Attaquant Etats-Unis 2 Timothy Weah
55%
Attaquant France 23 Kévin Gameiro
54%
Attaquant Espagne 2 Jesé Rodriguez
53%
Défenseur Espagne 6 Sergio Ramos
53%
Attaquant Turquie 11 Mevlut Erding
52%
Milieu Argentine 6 Giovani Lo Celso
51%
Attaquant France 4 Hugo Ekitike
51%
Défenseur Brésil 8 Dani Alves
49%
Attaquant France 19 Jérémy Menez
49%
Attaquant France 4 Moussa Diaby
49%
Milieu France 3 Yoan Cabaye
49%
Milieu Pays-bas 3 Georginio Wijnaldum
48%
Défenseur France 6 Christophe Jallet
47%
Milieu France 2 Warren Zaire-Emey
47%
Milieu France 5 Clément Chantôme
45%
Défenseur France 6 Mamadou Sakho
45%
Milieu Espagne 6 Ander Herrera
44%
Défenseur Italie 2 Alessandro Florenzi
43%
Milieu France 4 Hatem Ben Arfa
41%
Défenseur Uruguay 1 Diego Lugano
40%
Milieu Portugal 2 Renato Sanches
36%
Défenseur Espagne 2 Yuri Berchiche
36%
Défenseur France 1 Colin Dagba
33%
Attaquant France 6 Jean-Christophe Bahebeck
31%
Attaquant France 2 Jean-Kévin Augustin
30%
Défenseur France 6 Zoumana Camara
29%
Défenseur Serbie 1 Milan Bisevac
28%
Milieu Mali 2 Mohamed Sissoko
28%
Défenseur Côte d'ivoire 1 Siaka Tiéné
28%
Milieu France 14 Mathieu Bodmer
27%
Défenseur France 3 Sylvain Armand
25%
Défenseur France 1 Timothée Pembélé
25%
Attaquant France 2 Hervin Ongenda
24%
Défenseur Brésil 2 Marcos Ceara
23%
Milieu Bénin 1 Stéphane Sessègnon
23%
Défenseur/Milieu France 3 Tanguy Kouassi
22%
Milieu France 1 Adil Aouchiche
20%
Attaquant France 8 Péguy Luyindula
20%
Attaquant Turquie 1 Metehan Guclu
17%
Milieu France 6 Ludovic Giuly
14%
Milieu Congo 1 Neeskens Kebano
9%
Aucun quiz correspondant
Distribution des résultats
% des personnes avec chaque résultat
Percentile par nombre de réponses
Votre historique - résultats
Vous n’avez pas pris ce quiz